00699 2200229 4500001002100000005001700021008004100038035002500079082001100104090001800115100002800133245010300161250001100264260003100275300002300306500004900329650002700378700001600405700002100421850001200442990001500454YOGYA-0209000006829420150414135708.0 ind  a0010-020900000068294 a297.64 a296.64bSay M aAS-SAYYID, Mahmud Ahmad aMendidik generasi Qur anicMahmud Ahmad Assayyid ; penerjemah S.A. Zemool ; editor Agus Listiyanto aCet. 5 aSolobPustaka Mantiqc1994 a127 hlm. ;c18 cm. aJudul asli : Mukjizatul Islam At-Tarbawiyyah aPendidikan agama Islam aZemool, S.A aListiyanto, Agus aYOPDYOG a90800-P/97